|
|
|
|
| LEADER |
00000nam a2200000Ia 4500 |
| 008 |
170621b1983 cr ||||| |||| 00| | spa d |
| 999 |
|
|
|c 1377
|d 1377
|
| 090 |
|
|
|a 06.01.00
|b 472
|
| 110 |
2 |
|
|a Universidad de Costa Rica. Facultad de Educación. IIMEC
|9 508
|
| 245 |
1 |
0 |
|a Compendio de resúmenes
|
| 260 |
|
|
|a [San José, Costa Rica ] :
|b IIMEC,
|c 1983
|
| 300 |
|
|
|a 183 páginas
|
| 650 |
1 |
4 |
|a INVESTIGACIÓN EDUCATIVA
|9 326
|
| 650 |
1 |
4 |
|a CURRÍCULO (EDUCACIÓN)
|9 342
|
| 650 |
1 |
4 |
|a EVALUACIÓN
|9 287
|
| 650 |
1 |
4 |
|a DOCENTES
|9 331
|
| 711 |
|
|
|a Encuentro Nacional de Investigadores en Educación [2° : 1983 : San José, C.R.]
|9 2961
|
| 942 |
|
|
|i 00834
|h 06.01.00 472
|2 z
|c 01
|